000 00953nam a22002417a 4500
999 _c100132
_d100132
005 20230530153918.0
010 _a1617EN ENG-115174
020 _a9789385755323
_c250.00
035 _aB-650866-873
035 _aB-664686
035 _aEN-98706
037 _bBSB
037 _bDBAD/PUB
_adpl
082 _aN
100 _aPuri, Neel Kamal
245 _aRemember to forget /
_cby Neel Kamal Puri
260 _aNew Delhi
_bSpeaking Tiger
_c2015
270 _a4381/4, Ansari Road, Daryaganj,
_bNew Delhi
_e110002
300 _a181p.
_c20cm(pbk)
942 _2ddc
_cEN
_mPUR
_hN